000
00304nam a2200133Ia 4500
008
100328s9999 xx 000 0 und d
082
_b
66832
100
_a
Sheth Sneha.
245
_a
Moral Stories-4.
260
_b
Sheth.
630
_a
Moral Stories-4.
730
_a
Moral Stories-4.
942
_c
BOOK
999
_c
552571
_d
552568